LEADER 01893nas 2200565- 450 001 9910167556203321 005 20230518213020.0 011 $a1753-8386 035 $a(DE-599)ZDB2423896-X 035 $a(OCoLC)232607596 035 $a(CKB)1000000000366359 035 $a(CONSER)--2016207654 035 $a(EXLCZ)991000000000366359 100 $a20080625a20089999 s-- a 101 0 $aeng 135 $aur||||||||||| 181 $ctxt$2rdacontent 182 $cc$2rdamedia 183 $acr$2rdacarrier 200 00$aInternational journal of managing projects in business 210 1$a[Bingley, U.K.] :$cEmerald Group Publishing Limited,$d2008- 215 $avolumes ;$d25 cm 300 $aRefereed/Peer-reviewed 311 $a1753-8378 330 0 $aPublishes original, in-depth articles on the latest developments in project management, with a distinct focus on business; and international case studies identifying key implications for senior practitioners and managers of projects world-wide. 517 1 $aIJMPB 606 $aProject management$vPeriodicals 606 $aGestion de projet$vPériodiques 606 $aPublications périodiques$2eclas 606 $aGestion de projets$2eclas 606 $aAffaires$2eclas 606 $aProject management$2fast$3(OCoLC)fst01078797 608 $aPeriodicals.$2fast 615 0$aProject management 615 6$aGestion de projet 615 7$aPublications périodiques. 615 7$aGestion de projets. 615 7$aAffaires. 615 7$aProject management. 676 $a658.04 686 $a85.05$2bcl 686 $a100$2zdbs 686 $a650$a660$2zdbs 686 $a3,2$2ssgn 686 $aBIZ-01001$2skw 686 $awiw$2olc-ssg 906 $aJOURNAL 912 $a9910167556203321 996 $aInternational journal of managing projects in business$91759238 997 $aUNINA LEADER 03654pam 2200709 a 450 001 9910345135603321 005 20230828210850.0 035 $a(CKB)1000000000772672 035 $a(MH)008087061-9 035 $a(SSID)ssj0000448272 035 $a(PQKBManifestationID)12165869 035 $a(PQKBTitleCode)TC0000448272 035 $a(PQKBWorkID)10385165 035 $a(PQKB)11455401 035 $a(EXLCZ)991000000000772672 100 $a19980727d1999 uy 0 101 0 $aeng 181 $ctxt 182 $cc 183 $acr 200 14$aThe literate communist $e150 years of the Communist manifesto /$fDonald Clark Hodges$b[electronic resource] 210 $aNew York $cP. Lang Pub.$dc1999 215 $a1 online resource (vi, 217 p. ) 225 0 $aMajor concepts in politics and political theory The literate communist 225 0$aMajor concepts in politics and political theory ;$vvol. 16 300 $aBibliographic Level Mode of Issuance: Monograph 311 $a0-8204-4187-2 320 $aIncludes bibliographical references and index. 327 $tIntroduction: Understanding the Manifesto --$gpt. I.$tA Perplexing Document.$g1.$tThe League of the Just.$g2.$tMarx's Communist Correspondence Committees.$g3.$tA Marriage of Incompatibles?$g4.$tMaking Communism Credible.$g5.$tAmending the Manifesto --$gpt. II.$tA Consequential Document.$g6.$tAn Anarchist Manifesto: Bakunin.$g7.$tA Social Democratic Manifesto: Bernstein.$g8.$tA Communist Manifesto: Lenin and Trotsky.$g9.$tA Socialist Manifesto: Stalin.$g10.$tA Humanist Manifesto: Khrushchev and Gorbachev.$tConclusion: Assessing the Manifesto. 330 1 $a"Professor Hodges' thesis is that the Communist Manifesto is not what it claims to be - a forthright and faithful expression of what communists believed in 1848 - and that its subsequent adaptations periodically opened the door to and slammed the door shut on communism. Part I introduces students to the Manifesto's conspiratorial legacy stemming from the great French Revolution of 1789-1794 and to Marx and Engels' informal amendments to it. Part II examines the 150-year-old posthistory of the Manifesto and its interpretations that pull in opposite directions. The author concludes that the Janus-faced Manifesto played a key ideological role in not only the rise, but also the demise of the Soviet Union."--Jacket. 606 $aCommunism 606 $aSocialism 606 $aHistorical materialism 606 $aMarxist criticism 606 $aCommunism 606 $aSocialism 606 $aHistorical materialism 606 $aMarxist criticism 606 $aPolitical Science$2HILCC 606 $aSocialism, Communism & Anarchism$2HILCC 606 $aLaw, Politics & Government$2HILCC 615 0$aCommunism. 615 0$aSocialism. 615 0$aHistorical materialism. 615 0$aMarxist criticism. 615 0$aCommunism. 615 0$aSocialism. 615 0$aHistorical materialism. 615 0$aMarxist criticism. 615 7$aPolitical Science 615 7$aSocialism, Communism & Anarchism 615 7$aLaw, Politics & Government 676 $a335.4/22 700 $aHodges$b Donald Clark$f1923-$0913651 801 0$bDLC 801 1$bDLC 801 2$bDLC 906 $aBOOK 912 $a9910345135603321 996 $aThe literate communist$92046892 997 $aUNINA 999 $aThis Record contains information from the Harvard Library Bibliographic Dataset, which is provided by the Harvard Library under its Bibliographic Dataset Use Terms and includes data made available by, among others the Library of Congress